Robin of Sherwood Cast Quiz Stats

 Plays Quiz not verified by Sporcle

Challenge
Share
Tweet
Embed
Score 0/19 Timer 10:00
0 Plays Today
Hint Answer % Correct
Robin of LoxleyMichael Praed
87%
Robert of HuntingdonJason Connery
87%
Will ScarletRay Winstone
82.6%
MarionJudi Trott
65.2%
Little JohnClive Mantle
65.2%
Friar TuckPhil Rose
65.2%
Sheriff of NottinghamNickolas Grace
60.9%
Guy of GisburneRobert Addie
60.9%
NasirMark Ryan
56.5%
MuchPeter Llewellyn Williams
47.8%
Hint Answer % Correct
Abbot HugoPhilip Jackson
43.5%
Herne the HunterJohn Abineri
43.5%
GulnarRichard O'Brien
43.5%
Baron de BellemeAnthony Valentine
39.1%
Prince JohnPhil Davis
39.1%
EdwardJeremy Bulloch
39.1%
Richard of LeafordGeorge Baker
39.1%
MegClaire Toeman
26.1%
Earl of HuntingdonMichael Craig
26.1%

You're not logged in!

Compare scores with friends on all Sporcle quizzes.
Join for Free
OR
Log In

You Might Also Like...

Show Comments

Extras

Created Mar 10, 2016ReportNominate
Tags:Cast Quiz, robin

Top Quizzes Today


Score Distribution

Your Account Isn't Verified!

In order to create a playlist on Sporcle, you need to verify the email address you used during registration. Go to your Sporcle Settings to finish the process.

Report this User

Report this user for behavior that violates our Community Guidelines.

Details: